[Event "DEM U14 2023"]
[Site "Willingen GER"]
[Date "2023.05.29"]
[Round "3"]
[White "Stichter, Constantin Paul"]
[Black "Besou, Hussain"]
[Result "0-1"]
[Termination "normal"]
[Board "5"]
[BlackTitle "FM"]
[WhiteElo "1959"]
[BlackElo "2304"]
[WhiteClock "00:02:50"]
[BlackClock "00:12:55"]
[PlyCount "86"]
[WhiteFideId "34603140"]
[BlackFideId "16269950"]
[EventCountry "GER"]
[EventRounds "9"]
[EventType "swiss"]
[EventDate "2023.05.27"]

1. d4 {[%clk 01:30:40]} {[%emt 00:00:20]} d5 {[%clk 01:30:44]} {[%emt
00:00:16]} 2. Nf3 {[%clk 01:31:03]} {[%emt 00:00:07]} Nf6 {[%clk 01:31:06]}
{[%emt 00:00:07]} 3. Bf4 {[%clk 01:31:21]} {[%emt 00:00:13]} c5 {[%clk
01:31:27]} {[%emt 00:00:09]} 4. c3 {[%clk 01:31:19]} {[%emt 00:00:32]} Nc6
{[%clk 01:31:50]} {[%emt 00:00:06]} 5. e3 {[%clk 01:31:37]} {[%emt 00:00:13]}
e6 {[%clk 01:32:13]} {[%emt 00:00:07]} 6. Nbd2 {[%clk 01:30:29]} {[%emt
00:01:39]} Nh5 {[%clk 01:32:26]} {[%emt 00:00:16]} 7. Be5 {[%clk 01:30:15]}
{[%emt 00:00:45]} f6 {[%clk 01:29:17]} {[%emt 00:03:38]} 8. Bg3 {[%clk
01:29:19]} {[%emt 00:01:26]} cxd4 {[%clk 01:25:45]} {[%emt 00:04:01]} 9. cxd4
{[%clk 01:22:45]} {[%emt 00:07:05]} Be7 {[%clk 01:21:40]} {[%emt 00:04:34]} 10.
Bd3 {[%clk 01:21:07]} {[%emt 00:02:09]} g6 {[%clk 01:13:56]} {[%emt 00:08:13]}
11. a3 {[%clk 01:18:24]} {[%emt 00:03:14]} O-O {[%clk 01:12:56]} {[%emt
00:01:29]} 12. Qc2 {[%clk 01:13:27]} {[%emt 00:05:27]} Bd7 {[%clk 01:12:05]}
{[%emt 00:01:21]} 13. Rc1 {[%clk 01:08:54]} {[%emt 00:05:04]} Rc8 {[%clk
01:11:00]} {[%emt 00:01:35]} 14. Qb1 {[%clk 01:08:44]} {[%emt 00:00:40]} Be8
{[%clk 01:03:04]} {[%emt 00:08:25]} 15. b4 {[%clk 00:56:10]} {[%emt 00:13:05]}
Bf7 {[%clk 00:53:05]} {[%emt 00:10:28]} 16. O-O {[%clk 00:42:26]} {[%emt
00:14:15]} Nxg3 {[%clk 00:53:10]} {[%emt 00:00:23]} 17. hxg3 {[%clk 00:39:49]}
{[%emt 00:03:09]} a5 {[%clk 00:48:06]} {[%emt 00:05:33]} 18. b5 {[%clk
00:37:13]} {[%emt 00:03:07]} Na7 {[%clk 00:46:50]} {[%emt 00:01:46]} 19. a4
{[%clk 00:35:09]} {[%emt 00:02:34]} Bb4 {[%clk 00:44:14]} {[%emt 00:03:06]} 20.
Nb3 {[%clk 00:20:58]} {[%emt 00:14:41]} Qd6 {[%clk 00:36:22]} {[%emt 00:08:21]}
21. Rfd1 {[%clk 00:17:12]} {[%emt 00:04:17]} b6 {[%clk 00:32:25]} {[%emt
00:04:27]} 22. g4 {[%clk 00:16:57]} {[%emt 00:00:45]} Ba3 {[%clk 00:31:25]}
{[%emt 00:01:30]} 23. Rxc8 {[%clk 00:12:18]} {[%emt 00:05:09]} Rxc8 {[%clk
00:31:44]} {[%emt 00:00:11]} 24. Qa2 {[%clk 00:12:35]} {[%emt 00:00:13]} Rc3
{[%clk 00:30:49]} {[%emt 00:01:25]} 25. Nbd2 {[%clk 00:09:42]} {[%emt
00:03:23]} Rxd3 {[%clk 00:29:50]} {[%emt 00:01:28]} 26. Qc2 {[%clk 00:10:06]}
{[%emt 00:00:06]} Rxd2 {[%clk 00:30:15]} {[%emt 00:00:05]} 27. Rxd2 {[%clk
00:10:28]} {[%emt 00:00:09]} g5 {[%clk 00:29:43]} {[%emt 00:01:01]} 28. Ne1
{[%clk 00:09:45]} {[%emt 00:01:13]} Bg6 {[%clk 00:28:42]} {[%emt 00:01:31]} 29.
Nd3 {[%clk 00:09:20]} {[%emt 00:00:56]} Qe7 {[%clk 00:21:32]} {[%emt 00:07:40]}
30. Qc3 {[%clk 00:08:32]} {[%emt 00:01:18]} Bd6 {[%clk 00:21:12]} {[%emt
00:00:49]} 31. Rd1 {[%clk 00:03:02]} {[%emt 00:06:01]} h5 {[%clk 00:13:37]}
{[%emt 00:08:05]} 32. gxh5 {[%clk 00:02:55]} {[%emt 00:00:37]} Bxh5 {[%clk
00:13:38]} {[%emt 00:00:28]} 33. f3 {[%clk 00:03:04]} {[%emt 00:00:21]} Qh7
{[%clk 00:13:22]} {[%emt 00:00:46]} 34. Qd2 {[%clk 00:01:14]} {[%emt 00:02:21]}
Bg6 {[%clk 00:11:56]} {[%emt 00:01:56]} 35. Nf2 {[%clk 00:01:33]} {[%emt
00:00:11]} Bc2 {[%clk 00:12:09]} {[%emt 00:00:16]} 36. Ng4 {[%clk 00:01:35]}
{[%emt 00:00:29]} Kg7 {[%clk 00:12:09]} {[%emt 00:00:30]} 37. Rc1 {[%clk
00:01:29]} {[%emt 00:00:36]} Bxa4 {[%clk 00:12:24]} {[%emt 00:00:15]} 38. Qe1
{[%clk 00:01:12]} {[%emt 00:00:48]} Qd3 {[%clk 00:12:01]} {[%emt 00:00:52]} 39.
Rc3 {[%clk 00:01:25]} {[%emt 00:00:17]} Qd1 {[%clk 00:12:15]} {[%emt 00:00:15]}
40. Qxd1 {[%clk 00:01:40]} {[%emt 00:00:16]} Bxd1 {[%clk 00:12:40]} {[%emt
00:00:04]} 41. e4 {[%clk 00:01:59]} {[%emt 00:00:11]} a4 {[%clk 00:12:09]}
{[%emt 00:01:02]} 42. e5 {[%clk 00:02:22]} {[%emt 00:00:07]} fxe5 {[%clk
00:12:32]} {[%emt 00:00:06]} 43. dxe5 {[%clk 00:02:50]} {[%emt 00:00:02]} Bc5+
{[%clk 00:12:55]} {[%emt 00:00:07]} 0-1

[Event "DEM U14 2023"]
[Site "Willingen GER"]
[Date "2023.05.29"]
[Round "3"]
[White "Sickmann, Lisa"]
[Black "Korchynskyi, Mykola"]
[Result "0-1"]
[Termination "normal"]
[Board "6"]
[WhiteElo "1892"]
[BlackElo "2126"]
[WhiteClock "00:07:17"]
[BlackClock "00:16:22"]
[PlyCount "58"]
[WhiteFideId "16267818"]
[BlackFideId "34138005"]
[EventCountry "GER"]
[EventRounds "9"]
[EventType "swiss"]
[EventDate "2023.05.27"]

1. e4 {[%clk 01:30:59]} e6 {[%clk 01:30:23]} {[%emt 00:00:37]} 2. Qe2 {[%clk
01:31:23]} {[%emt 00:00:07]} Ne7 {[%clk 01:27:07]} {[%emt 00:03:46]} 3. Nc3
{[%clk 01:27:19]} {[%emt 00:04:34]} Nbc6 {[%clk 01:25:06]} {[%emt 00:02:31]} 4.
Nf3 {[%clk 01:26:51]} {[%emt 00:00:57]} d5 {[%clk 01:24:46]} {[%emt 00:00:50]}
5. exd5 {[%clk 01:25:40]} {[%emt 00:01:42]} Nxd5 {[%clk 01:24:42]} {[%emt
00:00:34]} 6. Nxd5 {[%clk 01:25:34]} {[%emt 00:00:36]} Qxd5 {[%clk 01:25:00]}
{[%emt 00:00:11]} 7. Qc4 {[%clk 01:18:41]} {[%emt 00:07:23]} Qd8 {[%clk
01:17:59]} {[%emt 00:07:31]} 8. d4 {[%clk 01:15:00]} {[%emt 00:04:12]} Bd6
{[%clk 01:16:33]} {[%emt 00:01:56]} 9. Bg5 {[%clk 01:09:16]} {[%emt 00:06:14]}
f6 {[%clk 01:14:57]} {[%emt 00:02:06]} 10. Be3 {[%clk 01:07:57]} {[%emt
00:01:48]} O-O {[%clk 01:14:38]} {[%emt 00:00:49]} 11. O-O-O {[%clk 01:08:11]}
{[%emt 00:00:16]} Qe7 {[%clk 01:13:07]} {[%emt 00:02:00]} 12. h4 {[%clk
01:05:41]} {[%emt 00:03:01]} Bd7 {[%clk 01:12:37]} {[%emt 00:01:00]} 13. g4
{[%clk 00:58:27]} {[%emt 00:07:45]} b5 {[%clk 01:11:48]} {[%emt 00:01:19]} 14.
Qe2 {[%clk 00:57:13]} {[%emt 00:01:43]} Nb4 {[%clk 01:09:25]} {[%emt 00:02:53]}
15. Kb1 {[%clk 00:55:08]} {[%emt 00:02:35]} Bc6 {[%clk 01:06:15]} {[%emt
00:03:40]} 16. Rg1 {[%clk 00:54:01]} {[%emt 00:01:37]} Bd5 {[%clk 00:54:56]}
{[%emt 00:11:49]} 17. a3 {[%clk 00:52:11]} {[%emt 00:02:20]} Na2 {[%clk
00:53:43]} {[%emt 00:01:43]} 18. Bd2 {[%clk 00:41:58]} {[%emt 00:10:43]} a5
{[%clk 00:50:29]} {[%emt 00:03:44]} 19. Bg2 {[%clk 00:40:04]} {[%emt 00:02:24]}
b4 {[%clk 00:39:46]} {[%emt 00:11:13]} 20. Ne1 {[%clk 00:34:44]} {[%emt
00:05:49]} Bxg2 {[%clk 00:38:23]} {[%emt 00:01:55]} 21. Nxg2 {[%clk 00:33:25]}
{[%emt 00:01:48]} Nc3+ {[%clk 00:30:10]} {[%emt 00:08:43]} 22. bxc3 {[%clk
00:30:28]} {[%emt 00:03:27]} Rab8 {[%clk 00:30:25]} {[%emt 00:00:16]} 23. c4
{[%clk 00:28:48]} {[%emt 00:02:10]} bxa3+ {[%clk 00:30:42]} {[%emt 00:00:13]}
24. Ka1 {[%clk 00:29:03]} {[%emt 00:00:13]} Qd7 {[%clk 00:26:44]} {[%emt
00:04:29]} 25. Nf4 {[%clk 00:21:00]} {[%emt 00:08:33]} Qa4 {[%clk 00:24:37]}
{[%emt 00:02:38]} 26. Rb1 {[%clk 00:12:48]} {[%emt 00:08:41]} Rb2 {[%clk
00:21:22]} {[%emt 00:03:45]} 27. Qd3 {[%clk 00:08:48]} {[%emt 00:04:29]} Rfb8
{[%clk 00:19:42]} {[%emt 00:02:10]} 28. Nxe6 {[%clk 00:07:43]} {[%emt
00:01:36]} Bb4 {[%clk 00:16:09]} {[%emt 00:04:04]} 29. Bxb4 {[%clk 00:07:17]}
{[%emt 00:00:55]} Qxb4 {[%clk 00:16:22]} {[%emt 00:00:18]} 0-1

[Event "DEM U14 2023"]
[Site "Willingen GER"]
[Date "2023.05.29"]
[Round "3"]
[White "Malinowsky, Levi"]
[Black "Türel, Tugrul"]
[Result "1-0"]
[Termination "normal"]
[Board "7"]
[WhiteElo "2173"]
[BlackElo "1855"]
[WhiteClock "00:11:38"]
[BlackClock "00:04:03"]
[PlyCount "185"]
[WhiteFideId "16253094"]
[BlackFideId "26338408"]
[EventCountry "GER"]
[EventRounds "9"]
[EventType "swiss"]
[EventDate "2023.05.27"]

1. e4 {[%clk 01:30:57]} {[%emt 00:00:02]} e5 {[%clk 01:30:39]} {[%emt
00:00:15]} 2. Nf3 {[%clk 01:31:23]} {[%emt 00:00:10]} Nc6 {[%clk 01:31:04]}
{[%emt 00:00:05]} 3. Bb5 {[%clk 01:31:43]} {[%emt 00:00:10]} a6 {[%clk
01:31:29]} {[%emt 00:00:05]} 4. Ba4 {[%clk 01:32:08]} {[%emt 00:00:05]} Nf6
{[%clk 01:31:54]} {[%emt 00:00:05]} 5. O-O {[%clk 01:32:28]} {[%emt 00:00:10]}
Be7 {[%clk 01:32:17]} {[%emt 00:00:07]} 6. Re1 {[%clk 01:32:48]} {[%emt
00:00:10]} b5 {[%clk 01:32:43]} {[%emt 00:00:04]} 7. Bb3 {[%clk 01:33:15]}
{[%emt 00:00:04]} O-O {[%clk 01:33:05]} {[%emt 00:00:07]} 8. a4 {[%clk
01:33:38]} {[%emt 00:00:07]} Bb7 {[%clk 01:33:31]} {[%emt 00:00:04]} 9. d3
{[%clk 01:33:15]} {[%emt 00:00:53]} d6 {[%clk 01:33:55]} {[%emt 00:00:05]} 10.
Nbd2 {[%clk 01:32:52]} {[%emt 00:00:54]} Nd7 {[%clk 01:33:49]} {[%emt
00:00:36]} 11. axb5 {[%clk 01:26:07]} {[%emt 00:07:16]} axb5 {[%clk 01:33:01]}
{[%emt 00:01:17]} 12. Rxa8 {[%clk 01:25:44]} {[%emt 00:00:53]} Qxa8 {[%clk
01:32:48]} {[%emt 00:00:43]} 13. c3 {[%clk 01:24:45]} {[%emt 00:01:30]} Nc5
{[%clk 01:17:58]} {[%emt 00:15:20]} 14. Bc2 {[%clk 01:23:45]} {[%emt 00:01:28]}
Qa2 {[%clk 01:17:02]} {[%emt 00:01:26]} 15. d4 {[%clk 01:17:23]} {[%emt
00:06:54]} Nd7 {[%clk 01:06:31]} {[%emt 00:11:00]} 16. Nf1 {[%clk 01:13:45]}
{[%emt 00:04:07]} Nb6 {[%clk 01:03:57]} {[%emt 00:03:05]} 17. Bb3 {[%clk
01:10:53]} {[%emt 00:03:22]} Qa6 {[%clk 01:02:35]} {[%emt 00:01:52]} 18. Ne3
{[%clk 01:06:20]} {[%emt 00:05:03]} Bc8 {[%clk 00:58:28]} {[%emt 00:04:37]} 19.
Nf5 {[%clk 00:57:12]} {[%emt 00:09:37]} Bxf5 {[%clk 00:58:24]} {[%emt
00:00:35]} 20. exf5 {[%clk 00:57:27]} {[%emt 00:00:15]} exd4 {[%clk 00:56:02]}
{[%emt 00:02:51]} 21. cxd4 {[%clk 00:53:25]} {[%emt 00:04:33]} Bf6 {[%clk
00:53:19]} {[%emt 00:03:13]} 22. g4 {[%clk 00:48:58]} {[%emt 00:04:57]} Qc8
{[%clk 00:45:03]} {[%emt 00:08:47]} 23. g5 {[%clk 00:42:58]} {[%emt 00:06:30]}
Be7 {[%clk 00:37:59]} {[%emt 00:07:28]} 24. Nh4 {[%clk 00:39:41]} {[%emt
00:03:52]} d5 {[%clk 00:33:51]} {[%emt 00:04:38]} 25. Bc2 {[%clk 00:35:39]}
{[%emt 00:04:33]} f6 {[%clk 00:22:49]} {[%emt 00:11:31]} 26. Qh5 {[%clk
00:26:18]} {[%emt 00:09:51]} Qd7 {[%clk 00:17:37]} {[%emt 00:05:41]} 27. Nf3
{[%clk 00:23:21]} {[%emt 00:03:28]} Nc4 {[%clk 00:16:08]} {[%emt 00:01:59]} 28.
Re6 {[%clk 00:16:53]} {[%emt 00:06:57]} Nd6 {[%clk 00:12:40]} {[%emt 00:03:59]}
29. gxf6 {[%clk 00:12:23]} {[%emt 00:05:00]} Rxf6 {[%clk 00:06:28]} {[%emt
00:06:41]} 30. Ne5 {[%clk 00:11:24]} {[%emt 00:01:30]} Nxe5 {[%clk 00:06:19]}
{[%emt 00:00:39]} 31. dxe5 {[%clk 00:11:30]} {[%emt 00:00:23]} Rxe6 {[%clk
00:06:19]} {[%emt 00:00:31]} 32. fxe6 {[%clk 00:11:47]} {[%emt 00:00:14]} Qxe6
{[%clk 00:06:41]} {[%emt 00:00:07]} 33. exd6 {[%clk 00:11:23]} {[%emt
00:00:54]} g6 {[%clk 00:06:03]} {[%emt 00:01:09]} 34. Qf3 {[%clk 00:10:17]}
{[%emt 00:01:33]} Bxd6 {[%clk 00:06:00]} {[%emt 00:00:35]} 35. Be3 {[%clk
00:08:23]} {[%emt 00:02:24]} Qe5 {[%clk 00:05:54]} {[%emt 00:00:36]} 36. Kf1
{[%clk 00:07:29]} {[%emt 00:01:24]} c6 {[%clk 00:04:48]} {[%emt 00:01:36]} 37.
Qg4 {[%clk 00:07:26]} {[%emt 00:00:33]} Qe8 {[%clk 00:02:16]} {[%emt 00:03:02]}
38. h4 {[%clk 00:06:37]} {[%emt 00:01:19]} Be5 {[%clk 00:01:40]} {[%emt
00:01:06]} 39. h5 {[%clk 00:06:21]} {[%emt 00:00:45]} Kg7 {[%clk 00:01:45]}
{[%emt 00:00:26]} 40. hxg6 {[%clk 00:06:06]} {[%emt 00:00:45]} hxg6 {[%clk
00:02:10]} {[%emt 00:00:05]} 41. Qh4 {[%clk 00:06:05]} {[%emt 00:00:30]} Bxb2
{[%clk 00:25:34]} {[%emt 00:07:07]} 42. Qh6+ {[%clk 00:35:29]} {[%emt
00:01:06]} Kf6 {[%clk 00:23:06]} {[%emt 00:02:57]} 43. Bg5+ {[%clk 00:34:54]}
{[%emt 00:01:06]} Ke6 {[%clk 00:23:13]} {[%emt 00:00:22]} 44. Bxg6 {[%clk
00:35:00]} {[%emt 00:00:24]} Qh8 {[%clk 00:22:11]} {[%emt 00:01:31]} 45. Bh7+
{[%clk 00:35:17]} {[%emt 00:00:14]} Kd7 {[%clk 00:22:30]} {[%emt 00:00:09]} 46.
Bf4 {[%clk 00:33:36]} {[%emt 00:02:14]} Qf6 {[%clk 00:17:29]} {[%emt 00:05:31]}
47. Qh3+ {[%clk 00:33:45]} {[%emt 00:00:20]} Kd8 {[%clk 00:17:47]} {[%emt
00:00:13]} 48. Qg4 {[%clk 00:32:29]} {[%emt 00:01:46]} Qf7 {[%clk 00:06:44]}
{[%emt 00:11:32]} 49. Bg6 {[%clk 00:29:19]} {[%emt 00:03:41]} Qe7 {[%clk
00:07:03]} {[%emt 00:00:11]} 50. Bf5 {[%clk 00:29:19]} {[%emt 00:00:29]} Qg7
{[%clk 00:05:42]} {[%emt 00:01:51]} 51. Bg6 {[%clk 00:27:22]} {[%emt 00:02:28]}
Qe7 {[%clk 00:06:06]} {[%emt 00:00:06]} 52. Qg3 {[%clk 00:26:19]} {[%emt
00:01:32]} Kc8 {[%clk 00:05:52]} {[%emt 00:00:45]} 53. Bf5+ {[%clk 00:26:21]}
{[%emt 00:00:28]} Kb7 {[%clk 00:06:08]} {[%emt 00:00:14]} 54. Qg8 {[%clk
00:26:02]} {[%emt 00:00:49]} Be5 {[%clk 00:04:39]} {[%emt 00:01:59]} 55. Qc8+
{[%clk 00:24:45]} {[%emt 00:01:48]} Kb6 {[%clk 00:04:59]} {[%emt 00:00:09]} 56.
Bd2 {[%clk 00:21:57]} {[%emt 00:03:19]} Qh4 {[%clk 00:04:07]} {[%emt 00:01:22]}
57. Ke2 {[%clk 00:11:44]} {[%emt 00:10:43]} Qc4+ {[%clk 00:03:39]} {[%emt
00:00:59]} 58. Bd3 {[%clk 00:12:13]} Qh4 {[%clk 00:03:44]} {[%emt 00:00:24]}
59. Qf5 {[%clk 00:11:03]} {[%emt 00:01:40]} Bd4 {[%clk 00:03:14]} {[%emt
00:01:01]} 60. Bg5 {[%clk 00:10:26]} {[%emt 00:01:06]} Qh5+ {[%clk 00:03:08]}
{[%emt 00:00:36]} 61. Kd2 {[%clk 00:10:23]} {[%emt 00:00:34]} Qe8 {[%clk
00:03:21]} {[%emt 00:00:17]} 62. Bf6 {[%clk 00:09:39]} {[%emt 00:01:13]} Bc5
{[%clk 00:02:49]} {[%emt 00:01:03]} 63. Be5 {[%clk 00:09:52]} {[%emt 00:00:16]}
Qe7 {[%clk 00:02:37]} {[%emt 00:00:43]} 64. f4 {[%clk 00:09:43]} {[%emt
00:00:39]} Qh4 {[%clk 00:02:32]} {[%emt 00:00:35]} 65. Be2 {[%clk 00:09:10]}
{[%emt 00:01:03]} Bb4+ {[%clk 00:01:56]} {[%emt 00:01:06]} 66. Kc2 {[%clk
00:09:17]} {[%emt 00:00:21]} Qf2 {[%clk 00:01:49]} {[%emt 00:00:39]} 67. Qd3
{[%clk 00:09:32]} {[%emt 00:00:14]} Qc5+ {[%clk 00:01:12]} {[%emt 00:01:07]}
68. Kb3 {[%clk 00:09:39]} {[%emt 00:00:22]} Qc1 {[%clk 00:01:00]} {[%emt
00:00:43]} 69. Bd4+ {[%clk 00:09:33]} {[%emt 00:00:36]} Bc5 {[%clk 00:01:19]}
{[%emt 00:00:12]} 70. Bxc5+ {[%clk 00:09:10]} {[%emt 00:00:53]} Qxc5 {[%clk
00:01:11]} {[%emt 00:00:38]} 71. f5 {[%clk 00:09:19]} {[%emt 00:00:21]} Qf2
{[%clk 00:01:08]} {[%emt 00:00:33]} 72. Kc3 {[%clk 00:07:43]} {[%emt 00:02:05]}
Qe1+ {[%clk 00:01:06]} {[%emt 00:00:32]} 73. Kd4 {[%clk 00:07:15]} {[%emt
00:00:59]} Qa1+ {[%clk 00:01:03]} {[%emt 00:00:33]} 74. Ke3 {[%clk 00:07:25]}
{[%emt 00:00:20]} Qc1+ {[%clk 00:01:10]} {[%emt 00:00:23]} 75. Kf3 {[%clk
00:07:43]} {[%emt 00:00:10]} Qh1+ {[%clk 00:01:24]} {[%emt 00:00:17]} 76. Kf4
{[%clk 00:07:49]} {[%emt 00:00:23]} Qh6+ {[%clk 00:01:19]} {[%emt 00:00:36]}
77. Ke5 {[%clk 00:07:49]} {[%emt 00:00:30]} Qh8+ {[%clk 00:01:16]} {[%emt
00:00:34]} 78. f6 {[%clk 00:08:09]} {[%emt 00:00:09]} Qe8+ {[%clk 00:01:05]}
{[%emt 00:00:03]} 79. Kf5 {[%clk 00:08:17]} {[%emt 00:01:01]} Qc8+ {[%clk
00:01:20]} {[%emt 00:00:15]} 80. Kg5 {[%clk 00:08:28]} {[%emt 00:00:19]} Qe6
{[%clk 00:00:52]} {[%emt 00:00:58]} 81. Bg4 {[%clk 00:08:25]} {[%emt 00:00:33]}
Qe5+ {[%clk 00:01:11]} {[%emt 00:00:11]} 82. Qf5 {[%clk 00:08:33]} {[%emt
00:00:21]} Qe3+ {[%clk 00:01:30]} {[%emt 00:00:12]} 83. Kg6 {[%clk 00:08:52]}
{[%emt 00:00:07]} Qe8 {[%clk 00:01:11]} {[%emt 00:00:53]} 84. f7 {[%clk
00:09:17]} {[%emt 00:00:04]} Qf8 {[%clk 00:01:38]} {[%emt 00:00:03]} 85. Qc8
{[%clk 00:09:24]} {[%emt 00:00:24]} Qd6 {[%clk 00:02:02]} {[%emt 00:00:06]} 86.
Kh7 {[%clk 00:09:14]} {[%emt 00:00:38]} Qh2+ {[%clk 00:02:06]} {[%emt
00:00:27]} 87. Kg8 {[%clk 00:09:34]} {[%emt 00:00:10]} Qh6 {[%clk 00:02:16]}
{[%emt 00:00:21]} 88. f8=Q {[%clk 00:09:44]} {[%emt 00:00:20]} Qg6+ {[%clk
00:02:35]} {[%emt 00:00:10]} 89. Qg7 {[%clk 00:10:05]} {[%emt 00:00:09]} Qe4
{[%clk 00:03:01]} {[%emt 00:00:05]} 90. Qgc7+ {[%clk 00:10:24]} {[%emt
00:00:11]} Kc5 {[%clk 00:03:17]} {[%emt 00:00:14]} 91. Qxc6+ {[%clk 00:10:48]}
{[%emt 00:00:06]} Kb4 {[%clk 00:03:40]} {[%emt 00:00:07]} 92. Qc3+ {[%clk
00:11:13]} {[%emt 00:00:04]} Ka4 {[%clk 00:04:03]} {[%emt 00:00:08]} 93. Qa8#
{[%clk 00:11:38]} {[%emt 00:00:04]} 1-0

[Event "DEM U14 2023"]
[Site "Willingen GER"]
[Date "2023.05.29"]
[Round "3"]
[White "Dyachuk, Artem"]
[Black "Burkart, Lloyd Shang"]
[Result "1-0"]
[Termination "normal"]
[Board "8"]
[WhiteTitle "FM"]
[WhiteElo "2312"]
[BlackElo "1956"]
[WhiteClock "00:34:43"]
[BlackClock "00:30:07"]
[PlyCount "85"]
[WhiteFideId "34107924"]
[BlackFideId "16239059"]
[EventCountry "GER"]
[EventRounds "9"]
[EventType "swiss"]
[EventDate "2023.05.27"]

1. e4 {[%clk 01:30:58]} {[%emt 00:00:01]} c5 {[%clk 01:30:54]} {[%emt
00:00:07]} 2. Nf3 {[%clk 01:31:24]} {[%emt 00:00:04]} d6 {[%clk 01:31:14]}
{[%emt 00:00:09]} 3. d4 {[%clk 01:31:51]} {[%emt 00:00:04]} cxd4 {[%clk
01:31:40]} {[%emt 00:00:04]} 4. Nxd4 {[%clk 01:32:05]} {[%emt 00:00:15]} Nf6
{[%clk 01:32:01]} {[%emt 00:00:09]} 5. Nc3 {[%clk 01:32:32]} {[%emt 00:00:04]}
a6 {[%clk 01:32:22]} {[%emt 00:00:08]} 6. h3 {[%clk 01:32:54]} {[%emt
00:00:09]} b5 {[%clk 01:22:11]} {[%emt 00:10:41]} 7. g4 {[%clk 01:32:02]}
{[%emt 00:01:22]} Bb7 {[%clk 01:21:47]} {[%emt 00:00:54]} 8. Bg2 {[%clk
01:32:01]} {[%emt 00:00:31]} e6 {[%clk 01:17:55]} {[%emt 00:04:22]} 9. g5
{[%clk 01:25:32]} {[%emt 00:06:58]} b4 {[%clk 01:18:01]} {[%emt 00:00:25]} 10.
gxf6 {[%clk 01:25:20]} {[%emt 00:00:41]} bxc3 {[%clk 01:18:26]} {[%emt
00:00:05]} 11. bxc3 {[%clk 01:21:30]} {[%emt 00:04:21]} Qxf6 {[%clk 01:11:28]}
{[%emt 00:07:27]} 12. Rb1 {[%clk 01:18:57]} {[%emt 00:03:03]} Qe7 {[%clk
01:10:39]} {[%emt 00:01:19]} 13. Qh5 {[%clk 01:14:42]} {[%emt 00:04:45]} g6
{[%clk 00:52:47]} {[%emt 00:18:22]} 14. Qg5 {[%clk 01:10:25]} {[%emt 00:04:47]}
f6 {[%clk 00:52:56]} {[%emt 00:00:21]} 15. Qe3 {[%clk 00:39:58]} {[%emt
00:30:57]} e5 {[%clk 00:41:28]} {[%emt 00:11:58]} 16. Ne6 {[%clk 00:39:28]}
{[%emt 00:00:59]} Qxe6 {[%clk 00:25:27]} {[%emt 00:16:31]} 17. Rxb7 {[%clk
00:39:48]} {[%emt 00:00:11]} Nd7 {[%clk 00:25:39]} {[%emt 00:00:17]} 18. O-O
{[%clk 00:35:11]} {[%emt 00:05:08]} Be7 {[%clk 00:25:05]} {[%emt 00:01:04]} 19.
Qh6 {[%clk 00:26:58]} {[%emt 00:08:42]} Bf8 {[%clk 00:20:49]} {[%emt 00:04:46]}
20. Qd2 {[%clk 00:27:07]} {[%emt 00:00:21]} Qxa2 {[%clk 00:14:11]} {[%emt
00:07:08]} 21. Rb3 {[%clk 00:21:54]} {[%emt 00:05:44]} Nc5 {[%clk 00:10:20]}
{[%emt 00:04:20]} 22. Qd5 {[%clk 00:21:46]} {[%emt 00:00:38]} Rd8 {[%clk
00:10:02]} {[%emt 00:00:48]} 23. Qc6+ {[%clk 00:21:17]} {[%emt 00:00:59]} Kf7
{[%clk 00:09:44]} {[%emt 00:00:48]} 24. Ra3 {[%emt 00:05:52]} Qe6 {[%clk
00:09:54]} {[%emt 00:00:19]} 25. f4 {[%clk 00:12:31]} {[%emt 00:03:55]} Be7
{[%clk 00:09:59]} {[%emt 00:00:26]} 26. c4 {[%clk 00:03:57]} {[%emt 00:09:04]}
Qxc4 {[%clk 00:06:42]} {[%emt 00:03:46]} 27. fxe5 {[%clk 00:01:53]} {[%emt
00:02:34]} Qd4+ {[%clk 00:05:25]} {[%emt 00:01:47]} 28. Be3 {[%clk 00:01:22]}
{[%emt 00:01:00]} Qxe5 {[%clk 00:05:55]} 29. Bf4 {[%clk 00:01:52]} Qe6 {[%clk
00:07:26]} {[%emt 00:04:58]} 30. Re3 {[%clk 00:01:58]} {[%emt 00:00:23]} Kg7
{[%clk 00:06:07]} {[%emt 00:01:48]} 31. h4 {[%clk 00:02:03]} {[%emt 00:00:26]}
g5 {[%clk 00:02:21]} {[%emt 00:04:16]} 32. Bh3 {[%clk 00:01:41]} {[%emt
00:00:52]} Qc4 {[%clk 00:01:26]} {[%emt 00:01:26]} 33. Qc7 {[%clk 00:02:01]}
{[%emt 00:00:10]} Rde8 {[%clk 00:00:42]} {[%emt 00:01:13]} 34. hxg5 {[%clk
00:02:14]} {[%emt 00:00:17]} fxg5 {[%clk 00:00:59]} {[%emt 00:00:13]} 35. Bxg5
{[%clk 00:02:25]} {[%emt 00:00:19]} Qd4 {[%clk 00:00:58]} {[%emt 00:00:31]} 36.
Bf6+ {[%clk 00:02:20]} {[%emt 00:00:34]} Qxf6 {[%clk 00:01:15]} {[%emt
00:00:14]} 37. Rxf6 Kxf6 {[%clk 00:01:44]} 38. e5+ {[%clk 00:03:02]} {[%emt
00:00:10]} Kg5 {[%clk 00:01:07]} {[%emt 00:01:07]} 39. exd6 {[%clk 00:03:16]}
{[%emt 00:00:15]} Bxd6 {[%clk 00:00:36]} {[%emt 00:01:02]} 40. Qxd6 {[%clk
00:03:37]} {[%emt 00:00:09]} Rxe3 {[%clk 00:01:01]} {[%emt 00:00:06]} 41. Qxc5+
{[%clk 00:04:01]} {[%emt 00:00:05]} Kf4 {[%clk 00:01:04]} {[%emt 00:00:26]} 42.
Qd4+ {[%clk 00:04:23]} {[%emt 00:00:08]} Kf3 {[%clk 00:30:07]} {[%emt
00:01:28]} 43. Qg4# {[%clk 00:34:43]} {[%emt 00:00:10]} 1-0